• 首页
  • 本馆介绍
  • 公告通知
  • 最新文献
  • 馆藏检索
  • 电子资源
  • 读者导购
  • 参考咨询
  • 我的图书馆
  • 登录
  • 详细信息显示
  • 放入我的书架
  • 预约/预借图书
  • 作者相关作品
  • 分类相关作品
  • 丛书相关作品
  • 出版社相关作品

书目信息

  • 表格格式
  • 工作单格式
  • 卡片格式
题名:
一学就会的300个魔法
    
 
作者: 王震 编著
分册:  
出版信息: 北京   中国妇女出版社  2010.06
页数: 264页
开本: 26cm
丛书名:
单 册:
中图分类: J838
科图分类:
主题词: 魔术--基础知识 , 魔术
电子资源:
ISBN: 978-7-80203-889-9
000 00760nam0 2200241 45
001 1237529091
005 20120619084409.84
010    @a978-7-80203-889-9@dCNY29.80
100    @a20100517d2010 ekmy0chiy0120 ea
101 0  @achi
102    @aCN@b110000
105    @aa z 000yy
106    @ar
200 1  @a一学就会的300个魔法@AYi Xue Jiu Hui De 300 Ge Mo Fa@f王震编著@FWang Zhen Bian Zhu
210    @a北京@c中国妇女出版社@d2010.06
215    @a264页@d26cm
330    @a本书介绍了388个近景魔术的操作方法,书中介绍的魔术,都是职业魔术师经常在舞台上展示的,看似神秘,其实一学就会。
606 0  @a魔术@x基础知识
606 0  @a魔术
690    @aJ838@v4
701  0 @a王震@AWang Zhen@4编著
801  0 @aCN@bTSTCL@c20120604
905    @b0816232-35@dJ838@e120@f4
    
    一学就会的300个魔法/王震编著.-北京:中国妇女出版社,2010.06
    264页;26cm
    
    
    ISBN 978-7-80203-889-9:CNY29.80
    本书介绍了388个近景魔术的操作方法,书中介绍的魔术,都是职业魔术师经常在舞台上展示的,看似神秘,其实一学就会。
●
相关链接 在E读中查询图书 在五车中查询图书 在当当中查询图书 在豆瓣中查询图书


正题名:一学就会的300个魔法     索取号:J838/120         预约/预借

序号 登录号 条形码 馆藏地/架位号 状态 备注
1 0816232   208162325   第一样本阅览室/ [索取号:J838/120] 在馆    
2 0816233   208162334   第一借阅区/ [索取号:J838/120] 在馆    
3 0816234   208162343   第一借阅区/ [索取号:J838/120] 在馆    
4 0816235   208162352   第一借阅区/ [索取号:J838/120] 在馆    
唐山师范学院图书馆 欢迎您!
大连网信软件有限公司© 版权所有